000 00405 a2200157 4500
020 _a0132615614
082 _a544
090 _c1602
_d1602
100 _aRender, Barry.
245 _aUantitative Analysis for Management
_cBarry Render
250 _a6th edition
260 _aNew Jersey
_bPrentice-Hall International,Inc.
_c1997
300 _a840p
500 _aPaper cover
942 _aNBS
_cBK
_k544 REN
999 _c344119
_d344119